<?xml version="1.0" encoding="UTF-8"?>
<record
    xmlns:xsi="http://www.w3.org/2001/XMLSchema-instance"
    xsi:schemaLocation="http://www.loc.gov/MARC21/slim http://www.loc.gov/standards/marcxml/schema/MARC21slim.xsd"
    xmlns="http://www.loc.gov/MARC21/slim">

  <leader>01891cam a22002535a 4500</leader>
  <controlfield tag="001">18271445</controlfield>
  <controlfield tag="005">20160202111341.0</controlfield>
  <controlfield tag="008">140818s2014    enka   frb    001 0 eng d</controlfield>
  <datafield tag="020" ind1=" " ind2=" ">
    <subfield code="a">9780123972705 (hbk.)</subfield>
  </datafield>
  <datafield tag="020" ind1=" " ind2=" ">
    <subfield code="a">0123972701 (hbk.)</subfield>
  </datafield>
  <datafield tag="040" ind1=" " ind2=" ">
    <subfield code="a">UKMGB</subfield>
    <subfield code="b">eng</subfield>
    <subfield code="c">UKMGB</subfield>
    <subfield code="d">OCLCO</subfield>
    <subfield code="d">YDXCP</subfield>
    <subfield code="d">S4S</subfield>
    <subfield code="d">CUI</subfield>
    <subfield code="d">OCLCF</subfield>
    <subfield code="d">DLC</subfield>
    <subfield code="d">EG-ScBUE</subfield>
  </datafield>
  <datafield tag="082" ind1="0" ind2="4">
    <subfield code="a">621.47</subfield>
    <subfield code="2">22</subfield>
    <subfield code="b">KAL</subfield>
  </datafield>
  <datafield tag="100" ind1="1" ind2=" ">
    <subfield code="a">Kalogirou, Soteris.</subfield>
    <subfield code="9">22545</subfield>
  </datafield>
  <datafield tag="245" ind1="1" ind2="0">
    <subfield code="a">Solar energy engineering :</subfield>
    <subfield code="b">processes and systems /</subfield>
    <subfield code="c">Soteris A. Kalogirou.</subfield>
  </datafield>
  <datafield tag="250" ind1=" " ind2=" ">
    <subfield code="a">2nd ed.</subfield>
  </datafield>
  <datafield tag="260" ind1=" " ind2=" ">
    <subfield code="a">Oxford ;</subfield>
    <subfield code="a">Waltham ;</subfield>
    <subfield code="a">San Diego :</subfield>
    <subfield code="b">Academic Press / Elsevier,</subfield>
    <subfield code="c">2014.</subfield>
  </datafield>
  <datafield tag="300" ind1=" " ind2=" ">
    <subfield code="a">xx, 819 p. :</subfield>
    <subfield code="b">ill. ;</subfield>
    <subfield code="c">25 cm.</subfield>
  </datafield>
  <datafield tag="500" ind1=" " ind2=" ">
    <subfield code="a">Index : p. 813-819.</subfield>
  </datafield>
  <datafield tag="504" ind1=" " ind2=" ">
    <subfield code="a">Includes bibliographical references.</subfield>
  </datafield>
  <datafield tag="520" ind1="8" ind2=" ">
    <subfield code="a">Annotation</subfield>
    <subfield code="b">Solar Energy Engineering: Processes and Systems covers all areas of solar energy engineering, from the fundamental level to the highest level of current research. The book includes subjects such as: Energy-related environmental problemsSolar collectorsSolar water heating, space heating and coolingIndustrial process heatSolar desalinationPhotovoltaicsSolar thermal power systems The book also covers modeling of solar energy systems, including the use of artificial intelligence in modeling and performance prediction. With the threat of global warming and the gradual depletion of petroleum supplies, solar electric power is rapidly becoming a significant part of our energy mix. This book will be a valuable resource for mechanical, electrical and chemical engineers as well as academics, energy consulting companies, and solar energy companies. Environmental consequences of solar energySolar desalination including indirect systemsModeling and performance prediction of solar energy systemsWorked examples and case studies.</subfield>
  </datafield>
  <datafield tag="650" ind1=" " ind2="7">
    <subfield code="a">Solar energy.</subfield>
    <subfield code="2">BUEsh</subfield>
    <subfield code="9">5597</subfield>
  </datafield>
  <datafield tag="653" ind1=" " ind2=" ">
    <subfield code="b">ENGMEC</subfield>
    <subfield code="b">ENGGEN</subfield>
    <subfield code="c">June2015</subfield>
    <subfield code="c">January2016</subfield>
  </datafield>
  <datafield tag="942" ind1=" " ind2=" ">
    <subfield code="2">ddc</subfield>
  </datafield>
  <datafield tag="999" ind1=" " ind2=" ">
    <subfield code="c">19483</subfield>
    <subfield code="d">19455</subfield>
  </datafield>
  <datafield tag="952" ind1=" " ind2=" ">
    <subfield code="0">0</subfield>
    <subfield code="1">0</subfield>
    <subfield code="2">ddc</subfield>
    <subfield code="4">0</subfield>
    <subfield code="7">0</subfield>
    <subfield code="8">Baccah</subfield>
    <subfield code="a">MAIN</subfield>
    <subfield code="b">MAIN</subfield>
    <subfield code="c">1ST</subfield>
    <subfield code="d">2015-06-04</subfield>
    <subfield code="e">purchase</subfield>
    <subfield code="g">550.00</subfield>
    <subfield code="l">6</subfield>
    <subfield code="m">61</subfield>
    <subfield code="o">621.47 KAL</subfield>
    <subfield code="p">000038389</subfield>
    <subfield code="r">2025-07-15 00:00:00</subfield>
    <subfield code="s">2018-10-11</subfield>
    <subfield code="v">688.00</subfield>
    <subfield code="y">BB</subfield>
  </datafield>
  <datafield tag="952" ind1=" " ind2=" ">
    <subfield code="0">0</subfield>
    <subfield code="1">0</subfield>
    <subfield code="2">ddc</subfield>
    <subfield code="4">0</subfield>
    <subfield code="7">0</subfield>
    <subfield code="8">Alahram</subfield>
    <subfield code="a">MAIN</subfield>
    <subfield code="b">MAIN</subfield>
    <subfield code="c">1ST</subfield>
    <subfield code="d">2015-06-29</subfield>
    <subfield code="e">Purchase</subfield>
    <subfield code="g">835.00</subfield>
    <subfield code="h">299</subfield>
    <subfield code="l">7</subfield>
    <subfield code="m">56</subfield>
    <subfield code="o">621.47 KAL</subfield>
    <subfield code="p">000038867</subfield>
    <subfield code="r">2025-07-15 00:00:00</subfield>
    <subfield code="s">2021-02-21</subfield>
    <subfield code="v">1043.75</subfield>
    <subfield code="y">BB</subfield>
  </datafield>
</record>
